| 000 | 00966cpcaa2200277 4500 | ||
|---|---|---|---|
| 001 | mm 80002503 | ||
| 003 | DLC | ||
| 005 | 20260227111701.0 | ||
| 008 | 800701|||||||||||| eng | ||
| 010 | _amm 80002503 | ||
| 040 |
_aDLC _cDLC _edacs _dDLC |
||
| 041 |
_aeng _atsi |
||
| 072 | 7 |
_aL _2lcmd |
|
| 100 | 1 | _aCrosby, Jessie. | |
| 245 | 0 | 2 |
_aA synopsis of the Zimsian language, _fundated. |
| 300 |
_a1 _fitem. |
||
| 506 | 0 | _aOpen to research. | |
| 520 | 8 | _aSynopsis of the language of the Tsimshian (Zimsian) Indians of British Columbia. | |
| 546 | _aCollection material in English, with Tsimshian. | ||
| 580 | _aForms part of: Miscellaneous Manuscripts collection. | ||
| 650 | 0 |
_aIndians of North America _zBritish Columbia. |
|
| 650 | 0 | _aTsimshian language. | |
| 650 | 0 | _aTsimshian Indians. | |
| 999 |
_c42615 _d42615 |
||